| 000 | 00392nam a22001457a 4500 | ||
|---|---|---|---|
| 008 | 220822b |||||||| |||| 00| 0 eng d | ||
| 020 | _a0133416453 | ||
| 050 |
_aBD161 _b.F45 2003 |
||
| 100 | _aFeldman, Richard | ||
| 245 |
_aEpistemology/ _cRichard Feldman |
||
| 260 |
_aUpper Saddle River _bPrentice Hall _c2003 |
||
| 300 | _aix, 197p. | ||
| 650 |
_aKnowledge _vtheory of, |
||
| 942 |
_2lcc _cBK |
||
| 999 |
_c19454 _d19453 |
||